| 000 -LEADER |
| fixed length control field |
02319nam a22002537 4500 |
| 003 - CONTROL NUMBER IDENTIFIER |
| control field |
AR-BaISA |
| 005 - DATE AND TIME OF LATEST TRANSACTION |
| control field |
20230308162854.0 |
| 007 - PHYSICAL DESCRIPTION FIXED FIELD--GENERAL INFORMATION |
| fixed length control field |
ta |
| 008 - FIXED-LENGTH DATA ELEMENTS--GENERAL INFORMATION |
| fixed length control field |
230308s2022 ag ad||| |||| 000 0 spa d |
| 020 ## - INTERNATIONAL STANDARD BOOK NUMBER |
| International Standard Book Number |
9789878873589 |
| 040 ## - CATALOGING SOURCE |
| Language of cataloging |
spa |
| Transcribing agency |
AR-BaISA |
| 082 04 - DEWEY DECIMAL CLASSIFICATION NUMBER |
| Edition number |
22 |
| Classification number |
362.404 56 V479 |
| 245 10 - TITLE STATEMENT |
| Title |
Acceso a la salud de la población con discapacidad en Argentina: |
| Remainder of title |
demandas, barreras y derechos / |
| Statement of responsibility, etc. |
Néstor Vázquez, Sebastián Sustas, y María Pía Venturiello (coordinación) |
| 260 ## - PUBLICATION, DISTRIBUTION, ETC. |
| Place of publication, distribution, etc. |
Buenos Aires: |
| Name of publisher, distributor, etc. |
Teseopress, |
| Date of publication, distribution, etc. |
2022 |
| 300 ## - PHYSICAL DESCRIPTION |
| Extent |
222 p.: |
| Other physical details |
il., gráfs. |
| 504 ## - BIBLIOGRAPHY, ETC. NOTE |
| Bibliography, etc. note |
Bibliografía p.: 203-210. |
| 505 ## - FORMATTED CONTENTS NOTE |
| Title |
Néstor Vázquez / Prólogo -- |
| -- |
Cecilia García Rizzo / Prólogo -- |
| -- |
Sebastián Sustas y María Pía Venturiello / Introducción -- |
| -- |
María Pía Venturiello, Sebastián Sustas, Cecilia Palermo y Agustina Villarejo / Salud, discapacidad y derechos. Precisiones conceptuales y aspectos metodológicos -- |
| -- |
Guido Sciurano, María Pía Venturiello, Sebastián Sustas y María Victoria Tiseyra / Itinerarios terapéuticos de personas con discapacidad. Barreras y posibilidades de acceso a los centros de salud en el AMBA -- |
| -- |
Agustina Villarejo, Cecilia Palermo y María Pía Venturiello / Accesibilidad a cuidados, atención en salud y autonomía de als personas con discapacidad desde la perspectiva de los referentes institucionales -- |
| -- |
María Cecilia Palermo, Agustina Villarejo y María Pía Venturiello -- Principales problemas en el acceso a derechos de personas con discapacidad. Líneas de acción del Estado y organismos de la sociedad civil, según referentes jurisdiccionales -- |
| -- |
Juan Manuel Rodríguez y Bárbara Magalí Fanego / Caracterización de las personas con discapacidad. Un acercamiento estadístico -- |
| -- |
María Pía Venturiello, Sebastián Sustas, María Cecilia Palermo, Agustina Villarejo, Guido Sciurano, María VictoriaTiseyra y Juan Manuel Rodríguez / Reflexiones finales. Hacia una lectura transversal del acceso a la salud integral y los derechos de las personas en situación de discapacidad |
| 650 10 - SUBJECT ADDED ENTRY--TOPICAL TERM |
| 9 (RLIN) |
245 |
| Topical term or geographic name entry element |
Discapacidad |
| Geographic subdivision |
Argentina |
| 650 10 - SUBJECT ADDED ENTRY--TOPICAL TERM |
| 9 (RLIN) |
1437 |
| Topical term or geographic name entry element |
Acceso a la atención de salud |
| Geographic subdivision |
Argentina |
| 700 1# - ADDED ENTRY--PERSONAL NAME |
| 9 (RLIN) |
2758 |
| Personal name |
Vázquez, Néstor |
| Relator code |
coord. |
| 700 1# - ADDED ENTRY--PERSONAL NAME |
| 9 (RLIN) |
2759 |
| Personal name |
Sustas, Sebastián |
| Relator code |
coord. |
| 700 1# - ADDED ENTRY--PERSONAL NAME |
| 9 (RLIN) |
2760 |
| Personal name |
Venturiello, María Pía |
| Relator code |
coord. |
| 942 ## - ADDED ENTRY ELEMENTS (KOHA) |
| Source of classification or shelving scheme |
|
| Koha item type |
Libros |
| Edition |
22 |